[Event "FLORIPA CHESS OPEN 2015"]
[Site "Florianopolis/SC"]
[Date "2015.01.16"]
[Round "6"]
[Board "6"]
[White "Villalba, Marcelo"]
[Black "Barbosa, Evandro Amorim"]
[Result "1/2-1/2"]
[WhiteElo "2201"]
[BlackElo "2449"]
[PlyCount "65"]
[EventDate "2015.01.14"]
[EventRounds "10"]
[EventCountry "BRA"]

1. e4 e6 2. d4 d5 3. exd5 exd5 4. Bd3 c5 5. dxc5 Bxc5 6. Nf3 Nf6 7. O-O O-O 8.
h3 Nc6 9. a3 Re8 10. Re1 Ne4 11. Be3 Qb6 12. Nc3 Bxe3 13. Rxe3 Bf5 14. Nxd5
Qxb2 15. Rb1 Qa2 16. Bxe4 Bxe4 17. Rxe4 Rxe4 18. Nc3 Qc4 19. Nxe4 Qxe4 20. Rxb7
Nd4 21. Rb4 Nxf3+ 22. Qxf3 Qxf3 23. gxf3 Rc8 24. c4 g6 25. Rb7 a5 26. Rb5 Rxc4
27. Rxa5 Rc2 28. Re5 Ra2 29. Re3 Kg7 30. Kg2 Kf6 31. Rb3 g5 32. Rb6+ Kf5 33.
Rb5+ 1/2-1/2

[Event "FLORIPA CHESS OPEN 2015"]
[Site "Florianopolis/SC"]
[Date "2015.01.16"]
[Round "6"]
[Board "8"]
[White "Faig, Cristian"]
[Black "Stamenkovic, Dragan"]
[Result "1/2-1/2"]
[WhiteElo "2176"]
[BlackElo "2409"]
[PlyCount "98"]
[EventDate "2015.01.14"]
[EventRounds "10"]
[EventCountry "BRA"]

1. e4 c5 2. Nf3 Nc6 3. Bb5 Qb6 4. Nc3 e6 5. O-O Nge7 6. Re1 a6 7. Bf1 g6 8. d3
Bg7 9. e5 O-O 10. Rb1 Nf5 11. Bg5 Qc7 12. Bf4 d6 13. exd6 Nxd6 14. Qd2 b6 15.
h4 Bb7 16. h5 Nd4 17. Ne5 f6 18. Ng4 e5 19. Bh2 gxh5 20. Ne3 Bh6 21. Qd1 Qf7
22. b4 cxb4 23. Rxb4 b5 24. Ne2 Nc6 25. Rb3 Qg6 26. d4 Rad8 27. d5 Ne4 28. Ng3
Nxg3 29. Bxg3 Nd4 30. Rd3 Kh8 31. a4 b4 32. Qb1 h4 33. Qxb4 Ba8 34. c3 Bxe3 35.
cxd4 Bxd4 36. Bxh4 Bxd5 37. Rg3 Qh6 38. Qe7 Ra8 39. Rh3 Qg7 40. Qd6 Bb7 41. Rb1
Rad8 42. Bxf6 Qxf6 43. Qxf6+ Rxf6 44. Rxb7 Bxf2+ 45. Kh2 h6 46. Bd3 Kg8 47.
Bc4+ Kh8 48. Bd3 Kg8 49. Bc4+ Kh8 1/2-1/2

[Event "FLORIPA CHESS OPEN 2015"]
[Site "Florianopolis/SC"]
[Date "2015.01.16"]
[Round "6"]
[Board "9"]
[White "Gazel, Frederico"]
[Black "Pottker, Gustavo Sartori"]
[Result "1/2-1/2"]
[WhiteElo "2292"]
[BlackElo "2109"]
[PlyCount "49"]
[EventDate "2015.01.14"]
[EventRounds "10"]
[EventCountry "BRA"]

1. Nf3 Nf6 2. c4 e6 3. Nc3 d5 4. d4 Nbd7 5. cxd5 exd5 6. Bf4 c6 7. h3 Nb6 8.
Qc2 Bb4 9. Nd2 O-O 10. e3 Nh5 11. Be5 f6 12. Bh2 g6 13. g4 Ng7 14. O-O-O Bd6
15. Bxd6 Qxd6 16. f4 Bd7 17. Bg2 Rae8 18. Rhe1 Bc8 19. Kb1 Kh8 20. Ka1 Be6 21.
Bf3 Qd7 22. Rc1 Re7 23. Re2 Qd6 24. Rce1 Rfe8 25. Qd3 1/2-1/2

[Event "FLORIPA CHESS OPEN 2015"]
[Site "Florianopolis/SC"]
[Date "2015.01.16"]
[Round "6"]
[Board "11"]
[White "Souza, Rafael Cabral De"]
[Black "Menna Barreto, Felipe Kubiaki"]
[Result "0-1"]
[WhiteElo "2173"]
[BlackElo "2247"]
[PlyCount "106"]
[EventDate "2015.01.14"]
[EventRounds "10"]
[EventCountry "BRA"]

1. e4 c6 2. d4 d5 3. Nc3 dxe4 4. Nxe4 Nd7 5. Nf3 Ngf6 6. Nxf6+ Nxf6 7. Bc4 Bf5
8. Ne5 e6 9. g4 Bg6 10. h4 Nd7 11. Bf4 Nxe5 12. Bxe5 Qb6 13. Bb3 a5 14. a4 h5
15. g5 Rd8 16. O-O Be7 17. Bxg7 Rg8 18. Be5 f6 19. Bf4 fxg5 20. hxg5 Qxd4 21.
Qxd4 Rxd4 22. Bxe6 Bf7 23. Bxf7+ Kxf7 24. Be3 Rg4+ 25. Kh2 Bxg5 26. Bxg5 R8xg5
27. Kh3 Rd4 28. Ra3 Rgg4 29. Rb3 Rh4+ 30. Kg3 Rdg4+ 31. Kf3 Rh3+ 32. Ke2 Rxb3
33. cxb3 Rb4 34. Rh1 Rxb3 35. Rxh5 Rxb2+ 36. Kd3 b5 37. Rc5 Rb4 38. Rxc6 Rxa4
39. Rb6 Ra3+ 40. Kd4 Rb3 41. f4 a4 42. Ke5 a3 43. Rb7+ Ke8 44. Ra7 b4 45. Ke6
Re3+ 46. Kd5 Re2 47. Kc5 Rb2 48. Ra8+ Kf7 49. Ra7+ Kf6 50. Kc4 a2 51. Ra6+ Kf5
52. Ra5+ Kxf4 53. Ra4 Ke3 0-1

[Event "FLORIPA CHESS OPEN 2015"]
[Site "Florianopolis/SC"]
[Date "2015.01.16"]
[Round "6"]
[Board "12"]
[White "Cordeiro, Marco Aurelio Zaror"]
[Black "Franca, Willian Bento"]
[Result "1/2-1/2"]
[WhiteElo "2238"]
[BlackElo "2008"]
[PlyCount "100"]
[EventDate "2015.01.14"]
[EventRounds "10"]
[EventCountry "BRA"]

1. e4 e6 2. d4 d5 3. Nd2 Nf6 4. e5 Nfd7 5. Bd3 c5 6. c3 Nc6 7. Ne2 cxd4 8. cxd4
Qb6 9. Nf3 Be7 10. O-O O-O 11. a3 f6 12. exf6 Nxf6 13. Nc3 Bd7 14. b4 Bd6 15.
Bg5 Be8 16. Na4 Qd8 17. Nc5 Bxc5 18. dxc5 Bh5 19. Qe1 Qd7 20. b5 Nd8 21. Ne5
Qc7 22. Rc1 Nd7 23. Nxd7 Qxd7 24. Qb4 e5 25. Rfe1 e4 26. Bf1 Rc8 27. Be3 Ne6
28. c6 bxc6 29. bxc6 Qc7 30. Ba6 Rb8 31. Qd2 Qe5 32. Bc5 Rf7 33. Bb7 Nf4 34. g3
Bf3 35. Be3 Qh5 36. Ba6 Nd3 37. Bxd3 exd3 38. Qxd3 Be4 39. Qe2 Qh3 40. Qf1 Qh5
41. Qe2 Qh3 42. f4 Rc7 43. Rc3 Rbc8 44. Rec1 Qe6 45. Qb2 Qf6 46. Qb5 h5 47. Rc5
Qe6 48. Bd4 Qh3 49. Qf1 Qe6 50. Qb5 Qh3 1/2-1/2

[Event "FLORIPA CHESS OPEN 2015"]
[Site "Florianopolis/SC"]
[Date "2015.01.16"]
[Round "6"]
[Board "13"]
[White "Abrantes, Tiago Garrido"]
[Black "Gauche, Charles"]
[Result "0-1"]
[WhiteElo "2147"]
[BlackElo "2229"]
[PlyCount "98"]
[EventDate "2015.01.14"]
[EventRounds "10"]
[EventCountry "BRA"]

1. c4 e5 2. Nc3 Nc6 3. g3 g6 4. Bg2 Bg7 5. e3 d6 6. Nge2 Be6 7. Nd5 Nge7 8. O-O
O-O 9. d3 Qd7 10. Rb1 Nd8 11. Re1 c6 12. Nxe7+ Qxe7 13. b4 f6 14. b5 c5 15. Bb2
Nf7 16. Nc3 Qd7 17. Nd5 Ng5 18. h4 Nf7 19. a4 Nh6 20. b6 Bh3 21. d4 Bxg2 22.
Kxg2 axb6 23. f3 Qxa4 24. Qd3 Rae8 25. Nc7 Re7 26. Nd5 Ref7 27. Nxb6 Qc6 28.
dxc5 dxc5 29. Nd5 Nf5 30. h5 Qe8 31. hxg6 hxg6 32. Qe4 Rd7 33. Rh1 Qf7 34. Ba3
Nd6 35. Qh4 Qe6 36. Bxc5 Ra8 37. Ra1 Rc8 38. Bxd6 Rxd6 39. e4 Rdc6 40. Qh7+ Kf7
41. Rh6 f5 42. Rb1 Rb8 43. Rbh1 Rxc4 44. exf5 Rc2+ 45. Kg1 Qxf5 46. Qxg7+ Kxg7
47. Rh7+ Kf8 48. Rh8+ Kf7 49. R1h7+ Ke6 0-1

[Event "FLORIPA CHESS OPEN 2015"]
[Site "Florianopolis/SC"]
[Date "2015.01.16"]
[Round "6"]
[Board "14"]
[White "Zini, Jhone Marcelo"]
[Black "Guimaraes, Diogo Duarte"]
[Result "0-1"]
[WhiteElo "2082"]
[BlackElo "2221"]
[PlyCount "46"]
[EventDate "2015.01.14"]
[EventRounds "10"]
[EventCountry "BRA"]

1. d4 Nf6 2. Bf4 d6 3. e3 g6 4. h3 Bg7 5. Nf3 c5 6. c3 b6 7. Nbd2 Bb7 8. Be2
O-O 9. O-O Nbd7 10. a4 Qc7 11. Qb3 Bc6 12. Rfd1 a6 13. c4 Ne4 14. Nb1 cxd4 15.
exd4 e5 16. Be3 exd4 17. Bxd4 Nec5 18. Qc3 Ne5 19. b3 Ne6 20. Qe3 Nxf3+ 21.
Bxf3 Nxd4 22. Rxd4 Bxf3 23. gxf3 Qc5 0-1

[Event "FLORIPA CHESS OPEN 2015"]
[Site "Florianopolis/SC"]
[Date "2015.01.16"]
[Round "6"]
[Board "15"]
[White "Lorenzon, Eduardo Lucas"]
[Black "Caetano, Hugo Zanotti Mendonca"]
[Result "1/2-1/2"]
[WhiteElo "1830"]
[BlackElo "2215"]
[PlyCount "22"]
[EventDate "2015.01.14"]
[EventRounds "10"]
[EventCountry "BRA"]

1. e4 c5 2. Nf3 d6 3. d4 cxd4 4. Nxd4 Nf6 5. Nc3 g6 6. f4 Nc6 7. Be3 Bg7 8. Qf3
Bg4 9. Qf2 Bd7 10. h3 Qa5 11. Bd3 O-O 1/2-1/2

[Event "FLORIPA CHESS OPEN 2015"]
[Site "Florianopolis/SC"]
[Date "2015.01.16"]
[Round "6"]
[Board "16"]
[White "Luz, Arthur Nader"]
[Black "Abdalla, Luiz Guilherme Aurell"]
[Result "0-1"]
[WhiteElo "2041"]
[BlackElo "2304"]
[PlyCount "76"]
[EventDate "2015.01.14"]
[EventRounds "10"]
[EventCountry "BRA"]

1. d4 Nf6 2. c4 g6 3. f3 d5 4. cxd5 Nxd5 5. e4 Nb6 6. Nc3 Bg7 7. Be3 O-O 8. Qd2
Nc6 9. O-O-O Qd6 10. Kb1 Rd8 11. Nb5 Qd7 12. d5 a6 13. Nc3 Qe8 14. Qc1 Ne5 15.
h4 e6 16. h5 exd5 17. hxg6 fxg6 18. exd5 Na4 19. Nxa4 Qxa4 20. g4 Bxg4 21. fxg4
Qe4+ 22. Qc2 Qxh1 23. Bg2 Qh4 24. g5 Qc4 25. Qd2 Rf8 26. d6 c6 27. Bd4 Rad8 28.
Bc3 Qf4 29. Qc2 Qf2 30. Qb3+ Qf7 31. Qb4 Nd7 32. Bh3 Bxc3 33. Qxc3 Qg7 34. Qb3+
Kh8 35. Nf3 Nc5 36. Qe3 Na4 37. Ne5 Nb6 38. Ng4 Nc4 0-1

[Event "FLORIPA CHESS OPEN 2015"]
[Site "Florianopolis/SC"]
[Date "2015.01.16"]
[Round "6"]
[Board "17"]
[White "Da Silva, Jefferson Rian Ferre"]
[Black "Pires, Marcos Vinicius Torsani"]
[Result "0-1"]
[WhiteElo "2000"]
[BlackElo "2274"]
[PlyCount "82"]
[EventDate "2015.01.14"]
[EventRounds "10"]
[EventCountry "BRA"]

1. e4 e5 2. Nf3 Nc6 3. Bb5 a6 4. Ba4 Nf6 5. O-O Be7 6. Re1 b5 7. Bb3 d6 8. c3
O-O 9. h3 Nb8 10. d4 Nbd7 11. Nbd2 Bb7 12. Bc2 Re8 13. Nf1 Bf8 14. Ng3 g6 15.
a4 c5 16. Be3 exd4 17. Bg5 dxc3 18. bxc3 h6 19. Bd2 Ne5 20. Qc1 Nxf3+ 21. gxf3
Kh7 22. axb5 axb5 23. Rxa8 Bxa8 24. Kh2 Nd7 25. f4 Bc6 26. Rg1 Qh4 27. f3 Nf6
28. Be1 Nh5 29. Ne2 Qf6 30. Rg4 Bd7 31. Bh4 Qh8 32. Rg2 Be7 33. Bxe7 Rxe7 34.
f5 gxf5 35. exf5 Qe5+ 36. f4 Qf6 37. Qa3 Bc6 38. Rf2 Qh4 39. f6+ Be4 40. Rg2
Nxf6 41. Qa8 Ng4+ 0-1

[Event "FLORIPA CHESS OPEN 2015"]
[Site "Florianopolis/SC"]
[Date "2015.01.16"]
[Round "6"]
[Board "18"]
[White "Salama, Andre Sasson"]
[Black "Bueno, Alfeu Junior Varela"]
[Result "1/2-1/2"]
[WhiteElo "1997"]
[BlackElo "2251"]
[PlyCount "203"]
[EventDate "2015.01.14"]
[EventRounds "10"]
[EventCountry "BRA"]

1. e4 e6 2. d4 d5 3. exd5 exd5 4. Bd3 Nc6 5. c3 Bd6 6. Qf3 Be6 7. Bf4 Nge7 8.
Ne2 Qd7 9. Nd2 O-O-O 10. Bxd6 Qxd6 11. Qg3 Bf5 12. Qxd6 Rxd6 13. Bxf5+ Nxf5 14.
O-O Re8 15. Nf4 g5 16. Nd3 Re2 17. Rad1 f6 18. Rfe1 Re7 19. Rxe7 Ncxe7 20. Re1
Ng6 21. Nc5 Rd8 22. g3 b6 23. Nd3 Kd7 24. Nf1 Nd6 25. Ne3 c6 26. f3 h5 27. b3
Ne7 28. a4 Rc8 29. a5 c5 30. axb6 axb6 31. dxc5 bxc5 32. b4 cxb4 33. cxb4 Nb7
34. Rc1 Ra8 35. h4 Ra3 36. Rd1 gxh4 37. gxh4 Rc3 38. Kf2 d4 39. Nc5+ Nxc5 40.
Rxd4+ Ke6 41. bxc5 Rxc5 42. Re4+ Kf7 43. Kg3 Rc1 44. Rc4 Re1 45. Kf2 Rh1 46.
Kg2 Ra1 47. Rc5 Ra3 48. Kf2 Kg6 49. Nd5 Ra2+ 50. Kg1 Nxd5 51. Rxd5 Ra4 52. Kg2
Rxh4 53. Kg3 Rc4 54. Rb5 Rc1 55. Ra5 Rg1+ 56. Kh4 Rg5 57. Ra8 Kf5 58. Ra5+ Kg6
59. Ra8 Rb5 60. Rg8+ Kf5 61. Kxh5 Kf4+ 62. Kh4 Kxf3 63. Rg3+ Kf4 64. Rg4+ Kf5
65. Ra4 Rb3 66. Ra5+ Kf4 67. Ra4+ Kf5 68. Ra8 Kf4 69. Ra4+ Kf5 70. Ra5+ Kg6 71.
Kg4 Rb1 72. Kf4 Rf1+ 73. Kg4 f5+ 74. Kg3 Kg5 75. Ra3 Rg1+ 76. Kf2 Rg4 77. Rb3
Rh4 78. Ra3 Rh6 79. Rb3 Kg4 80. Ra3 Rh2+ 81. Kg1 Rd2 82. Rb3 Kf4 83. Rb4+ Ke3
84. Rb3+ Ke2 85. Rb4 Rd6 86. Rb2+ Kf3 87. Rb3+ Kg4 88. Ra3 f4 89. Rb3 Rc6 90.
Ra3 Rc4 91. Rb3 f3 92. Rb8 Rc2 93. Kf1 Rc5 94. Rg8+ Rg5 95. Rxg5+ Kxg5 96. Kf2
Kg4 97. Kf1 Kf4 98. Kf2 Ke4 99. Kf1 Ke3 100. Ke1 f2+ 101. Kf1 Kd2 102. Kxf2
 1/2-1/2

[Event "FLORIPA CHESS OPEN 2015"]
[Site "Florianopolis/SC"]
[Date "2015.01.16"]
[Round "6"]
[Board "19"]
[White "Pertuzatti, Daniel"]
[Black "Dejeanne, Francisco"]
[Result "0-1"]
[WhiteElo "1982"]
[BlackElo "2240"]
[PlyCount "72"]
[EventDate "2015.01.14"]
[EventRounds "10"]
[EventCountry "BRA"]

1. e4 c5 2. Nf3 e6 3. g3 a6 4. Bg2 b5 5. O-O Bb7 6. d3 d6 7. Nc3 Nc6 8. a4 b4
9. Ne2 Nf6 10. b3 Be7 11. Ne1 d5 12. f3 O-O 13. Bb2 dxe4 14. fxe4 Ng4 15. Rf3
Bg5 16. Nf4 Nd4 17. Bh3 Nxf3+ 18. Nxf3 Bf6 19. Bxf6 Nxf6 20. Nd2 Nd7 21. Qe2
Ne5 22. Rf1 Qd4+ 23. Rf2 Rae8 24. Qh5 Qd6 25. Qg5 f6 26. Qh5 g6 27. Qe2 f5 28.
Qe3 Re7 29. Ne2 Rg7 30. Nf4 a5 31. Re2 Re7 32. exf5 exf5 33. Kf1 Rfe8 34. Qf2
g5 35. Nh5 Nxd3 36. Qxf5 Rf8 0-1

[Event "FLORIPA CHESS OPEN 2015"]
[Site "Florianopolis/SC"]
[Date "2015.01.16"]
[Round "6"]
[Board "20"]
[White "Cruz, William Ferreira Da"]
[Black "Cella, Glaucio Dalla Cortt"]
[Result "1-0"]
[WhiteElo "2238"]
[BlackElo "2033"]
[PlyCount "43"]
[EventDate "2015.01.14"]
[EventRounds "10"]
[EventCountry "BRA"]

1. d4 d5 2. c4 c6 3. Nc3 Nf6 4. Nf3 Bg4 5. Ne5 Bh5 6. cxd5 Nxd5 7. g4 Nxc3 8.
bxc3 Qd5 9. gxh5 Qxh1 10. Qb3 b6 11. Qxf7+ Kd8 12. Qe6 Kc7 13. Nf7 Qxh2 14.
Nxh8 Qxh5 15. Bf4+ Kb7 16. Bh3 Qe8 17. Nf7 Na6 18. a4 Nc7 19. Bxc7 Kxc7 20. a5
b5 21. c4 Rb8 22. a6 1-0

[Event "FLORIPA CHESS OPEN 2015"]
[Site "Florianopolis/SC"]
[Date "2015.01.16"]
[Round "6"]
[Board "21"]
[White "Dias, Anderson Tatsch"]
[Black "Rocha, Vitor Firmo De Souza"]
[Result "0-1"]
[WhiteElo "2212"]
[BlackElo "2040"]
[PlyCount "80"]
[EventDate "2015.01.14"]
[EventRounds "10"]
[EventCountry "BRA"]

1. d4 d5 2. c4 e6 3. Nf3 Nf6 4. Bg5 h6 5. Bxf6 Qxf6 6. Nc3 c6 7. e3 Bb4 8. Qc2
O-O 9. Bd3 Nd7 10. cxd5 exd5 11. a3 Bxc3+ 12. Qxc3 c5 13. Bb5 c4 14. b3 Nb6 15.
bxc4 Qg6 16. O-O Bh3 17. Nh4 Qg4 18. c5 Qxh4 19. gxh3 Qxh3 20. f3 Nd7 21. Ra2
Nf6 22. Rg2 Nh5 23. Rff2 Qe6 24. Ba4 Kh8 25. Qd3 f5 26. Re2 Rf6 27. Qb5 Rf7 28.
c6 Qxc6 29. Qxc6 bxc6 30. Bxc6 Rd8 31. Rc2 Re7 32. Rge2 Nf6 33. Kf2 Kh7 34. Rc5
Rd6 35. Rb2 Rde6 36. Rb3 f4 37. exf4 Re2+ 38. Kg3 Nh5+ 39. Kh3 Nxf4+ 40. Kg4
Rf7 0-1

[Event "FLORIPA CHESS OPEN 2015"]
[Site "Florianopolis/SC"]
[Date "2015.01.16"]
[Round "6"]
[Board "22"]
[White "Rapouso, Ricardo Luis Borba"]
[Black "Paniagua Chnelik, Sebastian"]
[Result "1/2-1/2"]
[WhiteElo "1922"]
[BlackElo "2197"]
[PlyCount "67"]
[EventDate "2015.01.14"]
[EventRounds "10"]
[EventCountry "BRA"]

1. d4 d5 2. c4 e6 3. Nc3 Nf6 4. Nf3 c6 5. e3 Bd6 6. Bd3 Nbd7 7. O-O dxc4 8.
Bxc4 b5 9. Bd3 Bb7 10. e4 e5 11. d5 cxd5 12. Bxb5 d4 13. Bg5 O-O 14. Nd5 h6 15.
Bxd7 hxg5 16. Nxf6+ Qxf6 17. Qd3 Qf4 18. Rfe1 Bb4 19. Bf5 g4 20. Nh4 Bxe1 21.
Rxe1 Qg5 22. g3 g6 23. f4 gxf3 24. Nxf3 Qf6 25. Bh3 Ba6 26. Qa3 d3 27. Nxe5
Qxe5 28. Qxa6 d2 29. Rd1 Qxe4 30. Bg2 Qe3+ 31. Kh1 Rac8 32. Bd5 Qe1+ 33. Kg2
Qxd1 34. Qxg6+ 1/2-1/2

[Event "FLORIPA CHESS OPEN 2015"]
[Site "Florianopolis/SC"]
[Date "2015.01.16"]
[Round "6"]
[Board "23"]
[White "Goncalves, Ruan Lucas Alves"]
[Black "Oliveira, Fernando Henrique"]
[Result "0-1"]
[WhiteElo "1919"]
[BlackElo "2162"]
[PlyCount "82"]
[EventDate "2015.01.14"]
[EventRounds "10"]
[EventCountry "BRA"]

1. e4 g6 2. d4 Bg7 3. Nc3 d6 4. Be3 Nd7 5. Bc4 c6 6. Bb3 b5 7. Qd2 a5 8. a4 b4
9. Nce2 Ba6 10. O-O-O Nb6 11. Kb1 Qc7 12. e5 d5 13. g4 e6 14. f4 Ne7 15. Ng3
Nc4 16. Bxc4 dxc4 17. Qf2 Nd5 18. Ne4 O-O-O 19. Nc5 Qb6 20. Ne2 Bf8 21. Ka1
Nxe3 22. Qxe3 Rd5 23. Ne4 Be7 24. N4g3 Rhd8 25. f5 c5 26. fxe6 fxe6 27. Qh6
cxd4 28. Qxh7 Bc5 29. Qxg6 b3 30. cxb3 cxb3 31. Nf4 Rxe5 32. Rhe1 Rxe1 33. Rxe1
Bc4 34. Nxe6 Qb4 35. Re5 Qxa4+ 36. Kb1 Bb4 37. Rc5+ Bxc5 38. Nxc5 Qa2+ 39. Kc1
Qa1+ 40. Qb1 Qxb1+ 41. Kxb1 Rh8 0-1

[Event "FLORIPA CHESS OPEN 2015"]
[Site "Florianopolis/SC"]
[Date "2015.01.16"]
[Round "6"]
[Board "24"]
[White "Souza, Gustavo Horokoski De"]
[Black "Mendonca Campelo, Higor Carlos"]
[Result "1/2-1/2"]
[WhiteElo "1903"]
[BlackElo "2119"]
[PlyCount "31"]
[EventDate "2015.01.14"]
[EventRounds "10"]
[EventCountry "BRA"]

1. e4 e6 2. d4 d5 3. Nc3 Nf6 4. e5 Nfd7 5. f4 c5 6. Nf3 Nc6 7. Be3 cxd4 8. Nxd4
Bc5 9. Qd2 O-O 10. O-O-O a6 11. Nb3 Bxe3 12. Qxe3 b5 13. Bd3 b4 14. Ne4 a5 15.
Nbc5 Nxc5 16. Nf6+ 1/2-1/2

[Event "FLORIPA CHESS OPEN 2015"]
[Site "Florianopolis/SC"]
[Date "2015.01.16"]
[Round "6"]
[Board "25"]
[White "Reis, Nicolas Rodrigues Dos"]
[Black "Starke, Bruno Orlando"]
[Result "0-1"]
[WhiteElo "1870"]
[BlackElo "2103"]
[PlyCount "98"]
[EventDate "2015.01.14"]
[EventRounds "10"]
[EventCountry "BRA"]

1. e4 c5 2. Nc3 a6 3. Nf3 e6 4. d4 cxd4 5. Nxd4 Qc7 6. Be3 Nf6 7. Bd3 b5 8. a3
Bb7 9. O-O Nc6 10. Qe2 Be7 11. Kh1 Rc8 12. f4 d6 13. Nb3 O-O 14. Rae1 Nd7 15.
Qh5 g6 16. Qh6 Bf6 17. Rf3 Bg7 18. Qh4 Qd8 19. Qf2 Re8 20. Rd1 Qe7 21. Nd4 Nxd4
22. Bxd4 e5 23. fxe5 Nxe5 24. Rf4 Rf8 25. Rf1 Rc7 26. Bb6 Rd7 27. Qe2 h5 28.
Be3 Ng4 29. Bg1 Bh6 30. R4f3 Bg7 31. h3 Ne5 32. R3f2 Qe6 33. Bh2 Rc7 34. Bg3
Nc4 35. Bxc4 Rxc4 36. Qd3 Rd4 37. Qe3 Bxe4 38. Nxe4 Rxe4 39. Qb6 d5 40. Qxe6
fxe6 41. Rxf8+ Bxf8 42. Rf2 Bg7 43. c3 h4 44. Bd6 d4 45. cxd4 Re1+ 46. Kh2 Bxd4
47. Rf8+ Kg7 48. g3 hxg3+ 49. Kg2 Re2+ 0-1

[Event "FLORIPA CHESS OPEN 2015"]
[Site "Florianopolis/SC"]
[Date "2015.01.16"]
[Round "6"]
[Board "26"]
[White "Pirola, Claudionor Alcides Lim"]
[Black "Goncalves, Davi Sulzbacher"]
[Result "1/2-1/2"]
[WhiteElo "2088"]
[BlackElo "1983"]
[PlyCount "66"]
[EventDate "2015.01.14"]
[EventRounds "10"]
[EventCountry "BRA"]

1. e4 c5 2. Nf3 Nc6 3. d4 cxd4 4. Nxd4 Nf6 5. Nc3 e5 6. Ndb5 d6 7. Bg5 a6 8.
Na3 b5 9. Bxf6 gxf6 10. Nd5 f5 11. Bd3 Be6 12. O-O Bxd5 13. exd5 Ne7 14. Qh5
Qd7 15. c4 e4 16. Be2 Bg7 17. Rab1 Ng6 18. f4 O-O 19. g4 Qa7+ 20. Kh1 Qe3 21.
gxf5 Nxf4 22. Qg5 Nxd5 23. Qxe3 Nxe3 24. Rf4 b4 25. f6 Bxf6 26. Rxf6 bxa3 27.
bxa3 d5 28. Rg1+ Kh8 29. cxd5 Nxd5 30. Rf5 Ne3 31. Rf6 Nd5 32. Rf5 Ne3 33. Rf6
Nd5 1/2-1/2

[Event "FLORIPA CHESS OPEN 2015"]
[Site "Florianopolis/SC"]
[Date "2015.01.16"]
[Round "6"]
[Board "27"]
[White "Paveto, Kevin"]
[Black "Gauche, Eduardo"]
[Result "1-0"]
[WhiteElo "2437"]
[BlackElo "1961"]
[PlyCount "41"]
[EventDate "2015.01.14"]
[EventRounds "10"]
[EventCountry "BRA"]

1. e4 c6 2. d4 d5 3. f3 e5 4. dxe5 dxe4 5. Qxd8+ Kxd8 6. fxe4 Be6 7. Nf3 Bc5 8.
Bf4 Nd7 9. Nbd2 Ne7 10. Bg3 h6 11. h4 Kc7 12. Bc4 b5 13. Bxe6 fxe6 14. Nb3 Bb6
15. Nfd4 Bxd4 16. Nxd4 Nc5 17. O-O-O a5 18. Bf2 Rab8 19. Nxc6 Nxe4 20. Nxb8
Nxf2 21. Rd7+ 1-0

[Event "FLORIPA CHESS OPEN 2015"]
[Site "Florianopolis/SC"]
[Date "2015.01.16"]
[Round "6"]
[Board "28"]
[White "Cruz, Arquias Sofocles Guimara"]
[Black "Matsuura, Frederico"]
[Result "1-0"]
[WhiteElo "1963"]
[BlackElo "2289"]
[PlyCount "27"]
[EventDate "2015.01.14"]
[EventRounds "10"]
[EventCountry "BRA"]

1. e4 e6 2. d4 d5 3. Nd2 Be7 4. exd5 exd5 5. Bd3 Nf6 6. h3 c5 7. dxc5 Bxc5 8.
Nb3 Bb6 9. Nf3 O-O 10. O-O Nc6 11. Bg5 Qd6 12. Bh4 Re8 13. c4 dxc4 14. Bxh7+
 1-0

[Event "FLORIPA CHESS OPEN 2015"]
[Site "Florianopolis/SC"]
[Date "2015.01.16"]
[Round "6"]
[Board "29"]
[White "Sztokbant, Bernardo Vainzoff"]
[Black "Goncalves, Leonardo Yamamoto P"]
[Result "0-1"]
[WhiteElo "2278"]
[BlackElo "1945"]
[PlyCount "148"]
[EventDate "2015.01.14"]
[EventRounds "10"]
[EventCountry "BRA"]

1. e4 c5 2. Nf3 g6 3. d4 cxd4 4. Nxd4 Nc6 5. c4 Nf6 6. Nc3 d6 7. Be2 Nxd4 8.
Qxd4 Bg7 9. O-O O-O 10. Qd3 Be6 11. Bd2 Rc8 12. b3 a6 13. Rac1 Nd7 14. f4 Nc5
15. Qb1 Bd7 16. Rfd1 Bd4+ 17. Kh1 Bc6 18. b4 Bxc3 19. bxc5 Bxd2 20. Rxd2 Qa5
21. Rcd1 Qxc5 22. Rd4 Ba4 23. R1d2 Bc6 24. h3 f5 25. exf5 Rxf5 26. Bg4 Rcf8 27.
Bxf5 Rxf5 28. Qe1 Kf7 29. Kh2 Rf6 30. Qd1 Ke8 31. Qg4 Kd8 32. Qh4 h5 33. Qe1
Kd7 34. Qe5 Rf5 35. Qxc5 Rxc5 36. R2d3 Kc7 37. Rg3 Be8 38. Re3 Kd8 39. Rde4 Rc7
40. Rg3 Bf7 41. a3 Kd7 42. Rd4 Ke6 43. Rg5 b6 44. g4 hxg4 45. hxg4 Kd7 46. Kg3
Ke6 47. f5+ Kf6 48. Kf4 b5 49. cxb5 axb5 50. Rb4 Rc1 51. fxg6 e5+ 52. Ke3 Bxg6
53. Rxg6+ Kxg6 54. Rxb5 Rc3+ 55. Ke4 Rxa3 56. Rb6 Ra4+ 57. Kf3 Rd4 58. Rb8 d5
59. Re8 Rd3+ 60. Kf2 e4 61. Re5 Kf6 62. Re8 Kg5 63. Rg8+ Kf4 64. g5 Rd2+ 65.
Kf1 Ke3 66. g6 Rf2+ 67. Kg1 Rf5 68. g7 d4 69. Kh2 Rf7 70. Ra8 Rxg7 71. Ra1 d3
72. Re1+ Kf3 73. Rf1+ Ke2 74. Ra1 d2 0-1

[Event "FLORIPA CHESS OPEN 2015"]
[Site "Florianopolis/SC"]
[Date "2015.01.16"]
[Round "6"]
[Board "30"]
[White "Assumpcao, Roberto"]
[Black "De Carvalho, Christopher"]
[Result "0-1"]
[WhiteElo "2232"]
[BlackElo "1965"]
[PlyCount "80"]
[EventDate "2015.01.14"]
[EventRounds "10"]
[EventCountry "BRA"]

1. e4 d6 2. d4 Nf6 3. Nc3 e5 4. Nf3 Nbd7 5. Bc4 Be7 6. O-O O-O 7. Re1 c6 8. Bb3
Qc7 9. a4 a5 10. Bg5 exd4 11. Nxd4 Nc5 12. Ba2 Ne6 13. Be3 Nxd4 14. Bxd4 Nd7
15. Qd2 Re8 16. Rad1 Nf8 17. Re3 Ne6 18. Rg3 Nxd4 19. Qxd4 Bf8 20. f4 Be6 21.
b3 Rad8 22. f5 Bc8 23. Qc4 Qe7 24. Rf1 d5 25. exd5 Qc5+ 26. Kh1 cxd5 27. Qd3 d4
28. Ne4 Qe5 29. Nd2 Qd5 30. Rgf3 Re3 31. Qb5 Qxb5 32. axb5 Bd7 33. Nc4 Rxf3 34.
Rxf3 Bxb5 35. f6 g6 36. h4 Re8 37. Rf1 Re2 38. Bb1 Bc6 39. Rg1 Re4 40. Kh2 b5
 0-1

[Event "FLORIPA CHESS OPEN 2015"]
[Site "Florianopolis/SC"]
[Date "2015.01.16"]
[Round "6"]
[Board "31"]
[White "Godoy Olazabal, Artur"]
[Black "Maia, Jonathan Cesar"]
[Result "0-1"]
[WhiteElo "2198"]
[BlackElo "1922"]
[PlyCount "36"]
[EventDate "2015.01.14"]
[EventRounds "10"]
[EventCountry "BRA"]

1. e4 c6 2. d4 d5 3. e5 Bf5 4. h4 Bd7 5. Bd3 e6 6. f4 c5 7. c3 Nc6 8. Nf3 Rc8
9. a3 Qb6 10. Bc2 h5 11. O-O g6 12. Kh2 Nh6 13. Ra2 Be7 14. Kh3 Ng4 15. Qd2 Na5
16. Rd1 Nb3 17. Bxb3 Qxb3 18. Ra1 Qxd1 0-1

[Event "FLORIPA CHESS OPEN 2015"]
[Site "Florianopolis/SC"]
[Date "2015.01.16"]
[Round "6"]
[Board "32"]
[White "Crespo De Oliveira, Lucas"]
[Black "Da Silva, Wagner Jose"]
[Result "1-0"]
[WhiteElo "2194"]
[BlackElo "1920"]
[PlyCount "51"]
[EventDate "2015.01.14"]
[EventRounds "10"]
[EventCountry "BRA"]

1. e4 c5 2. Nf3 e6 3. d4 cxd4 4. Nxd4 a6 5. Nc3 Qc7 6. Bd3 Bc5 7. Nb3 Be7 8.
O-O Nf6 9. f4 d6 10. Qf3 Nbd7 11. Bd2 O-O 12. Rae1 e5 13. f5 b5 14. g4 b4 15.
Nd1 Bb7 16. g5 Ne8 17. Nf2 d5 18. exd5 Nb6 19. f6 Bc5 20. fxg7 Kxg7 21. Qh3 Rh8
22. Nxc5 Qxc5 23. Be3 Qc7 24. Qh6+ Kg8 25. Bxb6 Qd7 26. Rxe5 1-0